| 000 | 00924nam a22002417a 4500 | ||
|---|---|---|---|
| 005 | 20250430122450.0 | ||
| 008 | 250430b |||||||| |||| 00| 0 eng d | ||
| 020 | _a978-81-19857-76-0 (hbk) | ||
| 037 | _cTB | ||
| 040 |
_aCRL _cCRL |
||
| 041 |
_2Pun _aPun |
||
| 084 |
_aO153,3NDHx R4 _qCRL |
||
| 100 |
_aਧਾਮੀ, ਸਾਂਵਲ _9753557 |
||
| 245 | _aਖੋਪਰੀ ਦਾ ਤਮਗ਼ਾ | ||
| 260 |
_aਪਟਿਆਲਾ, ਭਾਰਤ: _bਔਟਉਮੰ ਆਰਟ, _c2024. |
||
| 300 | _a207 ਪ. | ||
| 365 |
_b300.00 _cINR |
||
| 650 | _aਪੰਜਾਬੀ ਸਾਹਿਤ | ||
| 650 | _aਪੰਜਾਬੀ ਕਹਾਣੀ | ||
| 700 |
_aਸਿੰਘ, ਚਰਨ ਪੁਸ਼ਪਿੰਦਰ _eਅਨੁਵਾਦਕ _9753558 |
||
| 942 |
_2CC _cTB _hO153,3NDHx R4 _n0 |
||
| 999 |
_c1309823 _d1309823 |
||